000 00597nam a22001937a 4500
005 20250723110247.0
010 _aENG-146073
020 _a9789382277750
_c499.00
035 _aEN-129605
037 _bDBAD
082 _a811.4
_21
245 _aKALIDASA FOR THE 21ST CENTURY:
_bSelected Poetry and Drama:/
_cTranslated By Mani Rao
250 _a1
260 _aNew Delhi
_bALEPH Book Company
_c2014
270 _a7/16, Ansari Road, Daryaganj
_bNew Delhi
_e110002
300 _axvi, 274p.
_c22cm(pb)
700 _aRao, Mani
_eTranslator
_983159
942 _2ddc
_cEN
_h811.4
_mKAL
999 _c212477
_d212477